[Event "EU-chT Railways USIC"]
[Site "Korenov"]
[Date "2017.10.10"]
[Round "1.6"]
[White "Lee, Anthony"]
[Black "Krammer, Wilhelm"]
[Result "1-0"]
[WhiteElo "1826"]
[BlackElo "1667"]
[PlyCount "73"]
[EventDate "2017.10.10"]
[EventType "team-tourn"]
[EventRounds "5"]
[EventCountry "CZE"]
[SourceTitle "CBM 181 Extra"]
[Source "ChessBase"]
[SourceDate "2017.12.12"]
[SourceVersion "1"]
[SourceVersionDate "2017.12.12"]
[SourceQuality "1"]
[WhiteTeam "Great Britain"]
[BlackTeam "Austria"]
[WhiteTeamCountry "GBR"]
[BlackTeamCountry "AUT"]

1. e4 c5 2. Nf3 Nc6 3. d4 cxd4 4. Nxd4 e5 5. Nb5 d6 6. N1c3 Be6 7. Nd5 Rc8 8. Be3 Nf6 9. Nxf6+ gxf6 10. Qd2 a6 11. Nc3 b5 12. a3 Na5 13. Nd5 Bxd5 14. exd5 Nc4 15. Bxc4 Rxc4 16. b3 Rc8 17. 0-0 Bg7 18. Qd3 Qe7 19. c4 e4 20. Qe2 f5 21. Rac1 bxc4 22. Rxc4 Rxc4 23. Qxc4 0-0 24. Qxa6 Qe5 25. Rd1 f4 26. Bc1 Re8 27. Qe2 Rc8 28. f3 e3 29. a4 Qc3 30. Ba3 Qxb3 31. Bxd6 Rc2 32. Qb5 Qxb5 33. axb5 e2 34. Re1 Bd4+ 35. Kh1 Rd2 36. Bxf4 Bf2 37. Bxd2 1-0

[Event "Austrian Eisenbahner-ch"]
[Site "St Veit"]
[Date "2013.06.01"]
[Round "3.8"]
[White "Krammer, Wilhelm"]
[Black "Schreiber, Helmut"]
[Result "1/2-1/2"]
[WhiteElo "1782"]
[BlackElo "1624"]
[PlyCount "20"]
[EventDate "2013.05.30"]
[EventType "swiss"]
[EventRounds "3"]
[EventCountry "AUT"]
[SourceTitle "EXT 2024"]
[Source "ChessBase"]
[SourceDate "2023.10.10"]
[SourceVersion "1"]
[SourceVersionDate "2023.10.10"]
[SourceQuality "1"]

1. e4 c5 2. Nc3 e6 3. Bc4 g6 4. d3 a6 5. a4 d6 6. Bd2 Bg7 7. Nge2 Nc6 8. Rb1 Nge7 9. 0-0 0-0 10. Qc1 d5 1/2-1/2